[Event "3. Cerrado U.E,Montcada 2015"]
[Site "Montcada i Reixac ESP"]
[Date "2015.01.25"]
[Round "1.2"]
[White "Asensio Linan, Teodoro"]
[Black "Gonzalez, Raul Omar"]
[Result "1/2-1/2"]
[WhiteElo "2145"]
[BlackElo "2274"]
[PlyCount "62"]
[EventDate "2015.01.25"]
[EventType "tourn"]
[EventRounds "9"]
[EventCountry "ESP"]
[EventCategory "1"]
[Source "lmi"]
[SourceDate "2015.01.25"]

1. d4 Nf6 2. Bg5 e6 3. e4 h6 4. Bxf6 Qxf6 5. Nf3 d6 6. Nc3 c6 7. Qd2 e5 8.
O-O-O Be7 9. h4 Bg4 10. Be2 O-O 11. Kb1 Nd7 12. Nxe5 dxe5 13. Bxg4 exd4 14.
Bxd7 dxc3 15. Qe3 Bb4 16. g4 Qe5 17. g5 Bc5 18. Qe2 h5 19. Qxh5 Bxf2 20. Qe2
Bb6 21. Rh3 Ba5 22. Qc4 Kh8 23. Rf1 Qe7 24. Bf5 Rad8 25. Rd3 cxb2 26. Rfd1 Rxd3
27. Rxd3 Rd8 28. Rxd8+ Qxd8 29. Qxf7 Qd1+ 30. Kxb2 Qd4+ 31. Kb1 Qd1+ 1/2-1/2

[Event "3. Cerrado U.E,Montcada 2015"]
[Site "Montcada i Reixac ESP"]
[Date "2015.01.25"]
[Round "1.3"]
[White "Fernandez Cazorla, Antonio"]
[Black "Dalo, Hermes"]
[Result "1/2-1/2"]
[WhiteElo "2213"]
[BlackElo "2258"]
[PlyCount "74"]
[EventDate "2015.01.25"]
[EventType "tourn"]
[EventRounds "9"]
[EventCountry "ESP"]
[EventCategory "1"]
[Source "lmi"]
[SourceDate "2015.01.25"]

1. e4 e5 2. Nf3 Nc6 3. Bb5 a6 4. Ba4 Nf6 5. O-O Be7 6. Re1 b5 7. Bb3 d6 8. c3
O-O 9. h3 Na5 10. Bc2 c5 11. d4 Nd7 12. Nbd2 exd4 13. cxd4 Nc6 14. Nf1 cxd4 15.
Nxd4 Nxd4 16. Qxd4 Ne5 17. Qd1 Bf6 18. Ne3 Nc4 19. Rb1 Nxe3 20. Bxe3 Be6 21.
Bb3 Re8 22. Bf4 Bxb3 23. Qxb3 Bd4 24. Bg3 Qf6 25. Re2 Rad8 26. Qd3 Be5 27. f4
Bd4+ 28. Kh2 Bb6 29. Rc1 Rc8 30. Rd1 Red8 31. f5 h5 32. h4 Rc4 33. Qd5 Rd4 34.
Rxd4 Bxd4 35. Rd2 Bxb2 36. e5 Bxe5 37. Bxe5 Qxh4+ 1/2-1/2

[Event "3. Cerrado U.E,Montcada 2015"]
[Site "Montcada i Reixac ESP"]
[Date "2015.01.25"]
[Round "1.4"]
[White "Ryan, Joseph"]
[Black "Alarcon Casellas, Rolando"]
[Result "0-1"]
[WhiteElo "2234"]
[BlackElo "2387"]
[PlyCount "78"]
[EventDate "2015.01.25"]
[EventType "tourn"]
[EventRounds "9"]
[EventCountry "ESP"]
[EventCategory "1"]
[Source "lmi"]
[SourceDate "2015.01.25"]

1. Nf3 d5 2. d4 Nf6 3. c4 c6 4. cxd5 cxd5 5. Nc3 Nc6 6. Bf4 a6 7. Rc1 e6 8. e3
Qb6 9. Bd3 Qxb2 10. O-O Ba3 11. Na4 Qxc1 12. Qe2 Qxf1+ 13. Kxf1 O-O 14. Nb6 Ra7
15. Ne5 Bb4 16. Qc2 a5 17. a4 h6 18. g4 Be7 19. Bb5 g5 20. Bg3 Ne4 21. Bxc6
bxc6 22. Nxc6 Nxg3+ 23. hxg3 Ba6+ 24. Kg2 Rc7 25. Nxe7+ Rxe7 26. Qc5 Rb7 27.
Qc6 Rd8 28. Nc8 Rb8 29. Ne7+ Kf8 30. Qc5 Kg7 31. Qxa5 Bd3 32. Nc6 Be4+ 33. f3
Rb2+ 34. Kh3 Bd3 35. Qe1 Rc8 36. Nb4 Bg6 37. a5 Rc4 38. Na6 Rcc2 39. Qh1 Bd3
0-1

[Event "3. Cerrado U.E,Montcada 2015"]
[Site "Montcada i Reixac ESP"]
[Date "2015.01.25"]
[Round "1.5"]
[White "Vidarte Morales, Arturo"]
[Black "Cruz, Filemon"]
[Result "1/2-1/2"]
[WhiteElo "2320"]
[BlackElo "2404"]
[PlyCount "21"]
[EventDate "2015.01.25"]
[EventType "tourn"]
[EventRounds "9"]
[EventCountry "ESP"]
[EventCategory "1"]
[Source "lmi"]
[SourceDate "2015.01.25"]

1. Nf3 Nf6 2. c4 e6 3. Nc3 c5 4. g3 b6 5. Bg2 Bb7 6. O-O d6 7. Re1 a6 8. e4 Be7
9. d4 cxd4 10. Nxd4 Qc7 11. b3 1/2-1/2

[Event "3. Cerrado U.E,Montcada 2015"]
[Site "Montcada i Reixac ESP"]
[Date "2015.02.01"]
[Round "2.1"]
[White "Fernandez Diaz, Cristian"]
[Black "Cruz, Filemon"]
[Result "0-1"]
[WhiteElo "2147"]
[BlackElo "2404"]
[PlyCount "86"]
[EventDate "2015.01.25"]
[EventType "tourn"]
[EventRounds "9"]
[EventCountry "ESP"]
[EventCategory "1"]
[Source "lmi"]
[SourceDate "2015.01.25"]

1. d4 d5 2. c4 c6 3. Nf3 Nf6 4. e3 Bf5 5. Nc3 e6 6. Nh4 Bg6 7. Qb3 Qc7 8. Nxg6
hxg6 9. g3 Nbd7 10. Bg2 Nb6 11. cxd5 exd5 12. O-O Bd6 13. Qc2 O-O-O 14. a4 Nbd7
15. Bd2 Rh5 16. Rfc1 Rdh8 17. Nb5 Qb8 18. h4 g5 19. hxg5 Bxg3 20. gxf6 Bxf2+
21. Kxf2 Rg5 22. Be1 Nxf6 23. Kf1 Ng4 24. Qd3 Nh2+ 25. Ke2 Rxg2+ 26. Kd1 g6 27.
Qb3 Kd7 28. Qd3 cxb5 29. Rc5 Ke6 30. e4 Qf4 31. exd5+ Kf6 32. Ra3 Re8 33. Bg3
Qg4+ 34. Kc1 Ree2 35. Be5+ Kg5 36. Qd1 Nf3 37. d6 Kh6 38. Rxf3 Qxf3 39. Qh1+
Kg5 40. Bg3+ Kf6 41. Qh4+ Kg7 42. Be5+ Rxe5 43. Rxe5 Qd3 0-1

[Event "3. Cerrado U.E,Montcada 2015"]
[Site "Montcada i Reixac ESP"]
[Date "2015.02.01"]
[Round "2.2"]
[White "Alarcon Casellas, Rolando"]
[Black "Vidarte Morales, Arturo"]
[Result "1/2-1/2"]
[WhiteElo "2387"]
[BlackElo "2320"]
[PlyCount "26"]
[EventDate "2015.01.25"]
[EventType "tourn"]
[EventRounds "9"]
[EventCountry "ESP"]
[EventCategory "1"]
[Source "lmi"]
[SourceDate "2015.01.25"]

1. e4 c5 2. Nf3 e6 3. d4 cxd4 4. Nxd4 a6 5. Bd3 Bc5 6. Nb3 Be7 7. O-O d6 8. Qg4
Bf6 9. N1d2 Qc7 10. Qg3 Nd7 11. f4 Ne7 12. a4 b6 13. Kh1 Bb7 1/2-1/2

[Event "3. Cerrado U.E,Montcada 2015"]
[Site "Montcada i Reixac ESP"]
[Date "2015.02.01"]
[Round "2.3"]
[White "Dalo, Hermes"]
[Black "Ryan, Joseph"]
[Result "1-0"]
[WhiteElo "2258"]
[BlackElo "2234"]
[PlyCount "67"]
[EventDate "2015.01.25"]
[EventType "tourn"]
[EventRounds "9"]
[EventCountry "ESP"]
[EventCategory "1"]
[Source "lmi"]
[SourceDate "2015.01.25"]

1. d4 g6 2. e4 Bg7 3. Nc3 d6 4. Be3 Nf6 5. f3 O-O 6. Qd2 e5 7. d5 c6 8. O-O-O
cxd5 9. exd5 a6 10. h4 h5 11. Bh6 b5 12. Ne4 Nbd7 13. Bg5 Nb6 14. Bxf6 Bxf6 15.
g4 hxg4 16. h5 Bf5 17. Nxf6+ Qxf6 18. Bd3 Bxd3 19. Qxd3 Rac8 20. fxg4 Rc5 21.
Nh3 Rxd5 22. Qe2 Rxd1+ 23. Rxd1 Rc8 24. Rf1 Qg7 25. Kb1 Nc4 26. Ng5 f6 27. Ne4
Rf8 28. b3 Na3+ 29. Kb2 b4 30. Qd2 a5 31. Qxd6 f5 32. hxg6 Re8 33. Nf6+ Kh8 34.
Rh1+ 1-0

[Event "3. Cerrado U.E,Montcada 2015"]
[Site "Montcada i Reixac ESP"]
[Date "2015.02.01"]
[Round "2.4"]
[White "Gonzalez, Raul Omar"]
[Black "Fernandez Cazorla, Antonio"]
[Result "1-0"]
[WhiteElo "2274"]
[BlackElo "2213"]
[PlyCount "83"]
[EventDate "2015.01.25"]
[EventType "tourn"]
[EventRounds "9"]
[EventCountry "ESP"]
[EventCategory "1"]
[Source "lmi"]
[SourceDate "2015.01.25"]

1. d4 d5 2. c4 c6 3. cxd5 cxd5 4. Nc3 Nc6 5. Nf3 Nf6 6. Bf4 a6 7. e3 b5 8. Bd3
Bb7 9. O-O e6 10. Rc1 Be7 11. h3 O-O 12. Bb1 Rc8 13. Ne5 Nd7 14. Nxd7 Qxd7 15.
f3 Bf6 16. Qd3 g6 17. Bh6 Rfe8 18. f4 Na5 19. g4 b4 20. Ne2 Rxc1 21. Nxc1 Nc4
22. Qe2 Nd6 23. Nd3 Ne4 24. Ne5 Qc7 25. Bxe4 dxe4 26. g5 Bh8 27. Ng4 Rc8 28.
Rf2 Qc4 29. Qd2 Qc1+ 30. Kh2 Qxd2 31. Rxd2 Bd5 32. b3 f5 33. gxf6 Rc3 34. Bg5
a5 35. Rb2 Bb7 36. Kg1 Ba6 37. Kf2 Rc1 38. Ne5 Bd3 39. Rd2 Rc3 40. Nxd3 exd3
41. e4 Kf7 42. e5 1-0

[Event "3. Cerrado U.E,Montcada 2015"]
[Site "Montcada i Reixac ESP"]
[Date "2015.02.01"]
[Round "2.5"]
[White "Bals Hernandez, Jordi"]
[Black "Asensio Linan, Teodoro"]
[Result "1-0"]
[WhiteElo "2137"]
[BlackElo "2145"]
[PlyCount "101"]
[EventDate "2015.01.25"]
[EventType "tourn"]
[EventRounds "9"]
[EventCountry "ESP"]
[EventCategory "1"]
[Source "lmi"]
[SourceDate "2015.01.25"]

1. d4 Nf6 2. c4 c5 3. d5 e5 4. Nc3 d6 5. e4 Be7 6. h3 h5 7. Nf3 Nbd7 8. Be3 Nf8
9. Qd2 h4 10. O-O-O Nh5 11. Bd3 Ng6 12. Ne2 Bd7 13. g4 Nf6 14. Nc3 a6 15. Kb1
Qa5 16. Ne2 Qc7 17. Nc1 b5 18. Qc2 Rb8 19. Ng1 Qb6 20. f3 Nh7 21. Nge2 Bg5 22.
Bxg5 Nxg5 23. Rdf1 O-O 24. cxb5 axb5 25. Qd2 f6 26. Qe3 Qa6 27. f4 exf4 28.
Nxf4 Nxf4 29. Qxf4 c4 30. Be2 Rfe8 31. Bf3 c3 32. b3 Qb6 33. Bg2 Rbc8 34. Kc2
Qa6 35. Rf2 Qa3 36. Kb1 Qc5 37. Kc2 Nxe4 38. Nd3 Qd4 39. Re2 Qa7 40. Bxe4 Qxa2+
41. Kd1 c2+ 42. Ke1 Qxb3 43. Kf2 Rc4 44. Nc1 Qa4 45. Rhe1 Re5 46. Nd3 g5 47.
Qxf6 Rexe4 48. Rxe4 Rxe4 49. Qg6+ Kf8 50. Qxe4 c1=Q 51. Nxc1 1-0

[Event "3. Cerrado U.E,Montcada 2015"]
[Site "Montcada i Reixac ESP"]
[Date "2015.02.08"]
[Round "3.1"]
[White "Asensio Linan, Teodoro"]
[Black "Fernandez Diaz, Cristian"]
[Result "0-1"]
[WhiteElo "2145"]
[BlackElo "2147"]
[PlyCount "112"]
[EventDate "2015.01.25"]
[EventType "tourn"]
[EventRounds "9"]
[EventCountry "ESP"]
[EventCategory "1"]
[Source "lmi"]
[SourceDate "2015.01.25"]

1. d4 Nf6 2. c4 d6 3. Nc3 e5 4. d5 g6 5. e4 Bg7 6. Bd3 O-O 7. Nge2 a5 8. h3 Na6
9. O-O Nc5 10. Bc2 Bd7 11. Be3 Ne8 12. Qd2 f5 13. exf5 gxf5 14. f4 e4 15. Bd4
Nf6 16. Nd1 c6 17. Ne3 Qe7 18. Rad1 Rf7 19. Ng3 Ne8 20. Bxg7 Kxg7 21. dxc6 bxc6
22. b3 Kg8 23. a3 Qh4 24. Kh2 Be6 25. b4 axb4 26. axb4 Nd7 27. Ne2 Qf6 28. Nd4
c5 29. Nb5 Nb6 30. Bb3 Rd7 31. Qc2 Rc8 32. bxc5 Rxc5 33. Nd4 Bf7 34. g4 fxg4
35. Nxg4 Qe7 36. Nh6+ Kf8 37. Qg2 Qf6 38. Nxf7 Rxf7 39. Qxe4 Re7 40. Qd3 Rg7
41. Rde1 Nc7 42. f5 Qg5 43. Ne6+ Nxe6 44. Qxd6+ Kg8 45. Qxe6+ Kh8 46. Qe8+ Rg8
47. Qe2 Qg3+ 48. Kh1 Qxb3 49. Rf3 Qb4 50. Qe4 Qxc4 51. Qb1 Nd5 52. Qb2+ Nc3 53.
Ree3 Qd4 54. Qa1 Ne2 55. Qxd4+ Nxd4 56. Rf1 Nxf5 0-1

[Event "3. Cerrado U.E,Montcada 2015"]
[Site "Montcada i Reixac ESP"]
[Date "2015.02.08"]
[Round "3.2"]
[White "Fernandez Cazorla, Antonio"]
[Black "Bals Hernandez, Jordi"]
[Result "1-0"]
[WhiteElo "2213"]
[BlackElo "2137"]
[PlyCount "47"]
[EventDate "2015.01.25"]
[EventType "tourn"]
[EventRounds "9"]
[EventCountry "ESP"]
[EventCategory "1"]
[Source "lmi"]
[SourceDate "2015.01.25"]

1. Nf3 Nf6 2. c4 g6 3. g3 Bg7 4. Bg2 O-O 5. O-O c5 6. d4 cxd4 7. Nxd4 Nc6 8.
Nc3 d6 9. e3 Bg4 10. Qd2 Qc8 11. b3 Bh3 12. Bb2 Bxg2 13. Kxg2 Nxd4 14. Qxd4
Qc6+ 15. f3 Nd7 16. Qd2 Nc5 17. Nd5 Rfe8 18. Bxg7 Kxg7 19. g4 f6 20. h4 h6 21.
h5 e6 22. Qc2 gxh5 23. Nf4 Kf7 24. Qh7+ 1-0

[Event "3. Cerrado U.E,Montcada 2015"]
[Site "Montcada i Reixac ESP"]
[Date "2015.02.08"]
[Round "3.3"]
[White "Ryan, Joseph"]
[Black "Gonzalez, Raul Omar"]
[Result "0-1"]
[WhiteElo "2234"]
[BlackElo "2274"]
[PlyCount "78"]
[EventDate "2015.01.25"]
[EventType "tourn"]
[EventRounds "9"]
[EventCountry "ESP"]
[EventCategory "1"]
[Source "lmi"]
[SourceDate "2015.01.25"]

1. Nf3 Nf6 2. g3 g6 3. b3 Bg7 4. Bb2 d6 5. d4 O-O 6. Bg2 e5 7. dxe5 Nfd7 8. O-O
Nc6 9. c4 dxe5 10. Nfd2 Re8 11. Nc3 Nd4 12. e3 Ne6 13. b4 h5 14. c5 h4 15. Nc4
Ng5 16. gxh4 Nh7 17. h5 gxh5 18. Qxh5 Re6 19. Bd5 Rh6 20. Qxf7+ Kh8 21. f4 c6
22. Be4 Nxc5 23. Nxe5 Bxe5 24. fxe5 Be6 25. Qf4 Rh4 26. bxc5 Rxf4 27. exf4 Qd4+
28. Kh1 Qd2 29. Rab1 Rg8 30. f5 Ng5 31. Bg2 Nh3 32. Be4 Bd5 33. Nxd5 cxd5 34.
e6+ Kh7 35. Be5 dxe4 36. Rxb7+ Kh6 37. Bg3 e3 38. Rd7 Qe2 39. Rdd1 Nf2+ 0-1

[Event "3. Cerrado U.E,Montcada 2015"]
[Site "Montcada i Reixac ESP"]
[Date "2015.02.08"]
[Round "3.4"]
[White "Vidarte Morales, Arturo"]
[Black "Dalo, Hermes"]
[Result "1/2-1/2"]
[WhiteElo "2320"]
[BlackElo "2258"]
[PlyCount "105"]
[EventDate "2015.01.25"]
[EventType "tourn"]
[EventRounds "9"]
[EventCountry "ESP"]
[EventCategory "1"]
[Source "lmi"]
[SourceDate "2015.01.25"]

1. g3 Nf6 2. Bg2 g6 3. d3 Bg7 4. f4 d5 5. Nf3 O-O 6. O-O c6 7. Nc3 Qb6+ 8. e3
Bg4 9. d4 Ne4 10. h3 Bxf3 11. Qxf3 Nxc3 12. bxc3 Qa5 13. Bd2 Nd7 14. Qe2 Qc7
15. e4 dxe4 16. Qxe4 e6 17. Kh1 Rac8 18. Rab1 b6 19. c4 Rfd8 20. Be3 Nf6 21.
Qf3 Ne8 22. c3 Nd6 23. Qe2 Nf5 24. Bf2 h5 25. g4 hxg4 26. hxg4 Ne7 27. Bh4 Rd7
28. Rbd1 a6 29. Qf3 b5 30. c5 Nd5 31. f5 exf5 32. gxf5 gxf5 33. Bh3 Ne7 34. Bg3
Qa5 35. Rg1 Rd5 36. Bd6 Ng6 37. Bxf5 Rxf5 38. Qxf5 Re8 39. Rdf1 Qxa2 40. Rg2
Qxg2+ 41. Kxg2 Nh4+ 42. Kg3 Nxf5+ 43. Rxf5 a5 44. d5 cxd5 45. c6 a4 46. c7 a3
47. Bxa3 Bxc3 48. Rxd5 Ba5 49. Bd6 Rc8 50. Rc5 f6 51. Rxb5 Bxc7 52. Bxc7 Rxc7
53. Kf4 1/2-1/2

[Event "3. Cerrado U.E,Montcada 2015"]
[Site "Montcada i Reixac ESP"]
[Date "2015.02.08"]
[Round "3.5"]
[White "Cruz, Filemon"]
[Black "Alarcon Casellas, Rolando"]
[Result "1/2-1/2"]
[WhiteElo "2404"]
[BlackElo "2387"]
[PlyCount "31"]
[EventDate "2015.01.25"]
[EventType "tourn"]
[EventRounds "9"]
[EventCountry "ESP"]
[EventCategory "1"]
[Source "lmi"]
[SourceDate "2015.01.25"]

1. c4 Nf6 2. Nc3 e5 3. g3 d5 4. cxd5 Nxd5 5. Bg2 Nb6 6. Nf3 Nc6 7. O-O Be7 8.
d3 O-O 9. a3 Be6 10. b4 f6 11. Bb2 Kh8 12. Rc1 Qd7 13. Re1 Rad8 14. Nd2 Nd5 15.
Nce4 Nd4 16. e3 1/2-1/2

[Event "3. Cerrado U.E,Montcada 2015"]
[Site "Montcada i Reixac ESP"]
[Date "2015.02.15"]
[Round "4.1"]
[White "Fernandez Diaz, Cristian"]
[Black "Alarcon Casellas, Rolando"]
[Result "0-1"]
[WhiteElo "2147"]
[BlackElo "2387"]
[PlyCount "100"]
[EventDate "2015.01.25"]
[EventType "tourn"]
[EventRounds "9"]
[EventCountry "ESP"]
[EventCategory "1"]
[Source "lmi"]
[SourceDate "2015.01.25"]

1. d4 c6 2. c4 d5 3. Nf3 Nf6 4. e3 Bf5 5. Nc3 e6 6. Nh4 Be4 7. f3 Bg6 8. Qb3
Qb6 9. Nxg6 hxg6 10. Bd2 Nbd7 11. Be2 Qc7 12. f4 Bd6 13. Rc1 a6 14. Bf3 Qb8 15.
g3 Ra7 16. Kf2 b5 17. c5 Be7 18. e4 dxe4 19. Nxe4 Nxe4+ 20. Bxe4 Qa8 21. Qf3
Rc7 22. Ba5 Rc8 23. a4 Qb7 24. axb5 axb5 25. Kg2 Nf6 26. Ra1 Nxe4 27. Qxe4 Bf6
28. Bb6 Qd7 29. Rhd1 Rh5 30. g4 Qd5 31. Re1 Qxe4+ 32. Rxe4 Rd5 33. Rd1 Ra8 34.
g5 Be7 35. b3 Ra2+ 36. Kf3 Kd7 37. Re5 Rxh2 38. Rxd5+ exd5 39. Ra1 Rh3+ 40. Kg4
Rd3 41. Ra7+ Ke6 42. Rc7 f5+ 43. Kh4 Rxd4 44. Rxc6+ Kf7 45. Bc7 Rd1 46. Be5 d4
47. Rc7 Ke6 48. c6 Rd3 49. Ra7 Bb4 50. Ra1 Re3 0-1

[Event "3. Cerrado U.E,Montcada 2015"]
[Site "Montcada i Reixac ESP"]
[Date "2015.02.15"]
[Round "4.2"]
[White "Dalo, Hermes"]
[Black "Cruz, Filemon"]
[Result "0-1"]
[WhiteElo "2258"]
[BlackElo "2404"]
[PlyCount "120"]
[EventDate "2015.01.25"]
[EventType "tourn"]
[EventRounds "9"]
[EventCountry "ESP"]
[EventCategory "1"]
[Source "lmi"]
[SourceDate "2015.01.25"]

1. d4 c5 2. d5 d6 3. c4 e5 4. e4 Be7 5. Nc3 Bg5 6. Bd3 Bxc1 7. Qxc1 Ne7 8. Qc2
O-O 9. Nge2 Ng6 10. g3 Bh3 11. O-O-O Na6 12. a3 Bg2 13. Rhe1 Bf3 14. Rd2 Nc7
15. Ng1 Bg4 16. f3 Bd7 17. Rf2 a6 18. f4 f6 19. f5 Nh8 20. Qe2 Rb8 21. g4 b5
22. Nf3 bxc4 23. Bxc4 Nb5 24. Bxb5 axb5 25. g5 b4 26. Nb1 c4 27. axb4 Rxb4 28.
Rg1 c3 29. bxc3 Rb7 30. gxf6 Rxf6 31. Rfg2 g6 32. Ng5 Qb6 33. Qa2 Rf8 34. fxg6
hxg6 35. Ne6 Qe3+ 36. Qd2 Qxe4 37. Qc2 Qxc2+ 38. Kxc2 Rf3 39. Kc1 Bxe6 40. dxe6
Re7 41. Kc2 Rxe6 42. Na3 Kg7 43. Nb5 Nf7 44. Rd1 Ref6 45. Kb3 Rh3 46. Rdg1 g5
47. Nc7 Rff3 48. Ne6+ Kf6 49. Nxg5 Rxc3+ 50. Kb2 Nxg5 51. Rxg5 Ke6 52. Rg6+ Kd5
53. Ra1 Rb3+ 54. Kc2 Rhc3+ 55. Kd2 Ra3 56. Rxa3 Rxa3 57. h4 Rh3 58. Rg4 e4 59.
Rg5+ Kd4 60. h5 d5 0-1

[Event "3. Cerrado U.E,Montcada 2015"]
[Site "Montcada i Reixac ESP"]
[Date "2015.02.15"]
[Round "4.3"]
[White "Gonzalez, Raul Omar"]
[Black "Vidarte Morales, Arturo"]
[Result "1/2-1/2"]
[WhiteElo "2274"]
[BlackElo "2320"]
[PlyCount "38"]
[EventDate "2015.01.25"]
[EventType "tourn"]
[EventRounds "9"]
[EventCountry "ESP"]
[EventCategory "1"]
[Source "lmi"]
[SourceDate "2015.01.25"]

1. d4 Nf6 2. c4 e6 3. Nf3 d5 4. Bg5 Be7 5. e3 O-O 6. Nc3 c6 7. Bd3 Nbd7 8. O-O
dxc4 9. Bxc4 Nd5 10. Bxe7 Qxe7 11. Rc1 Nxc3 12. Rxc3 e5 13. Qb1 exd4 14. exd4
Nb6 15. Re1 Qf6 16. Bb3 Be6 17. Bxe6 fxe6 18. Rce3 Rae8 19. Re5 Nd5 1/2-1/2

[Event "3. Cerrado U.E,Montcada 2015"]
[Site "Montcada i Reixac ESP"]
[Date "2015.02.15"]
[Round "4.4"]
[White "Bals Hernandez, Jordi"]
[Black "Ryan, Joseph"]
[Result "0-1"]
[WhiteElo "2137"]
[BlackElo "2234"]
[PlyCount "74"]
[EventDate "2015.01.25"]
[EventType "tourn"]
[EventRounds "9"]
[EventCountry "ESP"]
[EventCategory "1"]
[Source "lmi"]
[SourceDate "2015.01.25"]

1. d4 g6 2. c4 Bg7 3. Nf3 d6 4. Nc3 e5 5. dxe5 dxe5 6. Qxd8+ Kxd8 7. Bd2 c6 8.
O-O-O Kc7 9. h3 f6 10. g4 Be6 11. b3 Nd7 12. Ne4 h5 13. Rg1 hxg4 14. hxg4 g5
15. Ne1 Nh6 16. f3 Nf7 17. Ba5+ b6 18. Bb4 a5 19. Bc3 Bf8 20. Nd3 Be7 21. e3
Nd6 22. Ng3 b5 23. cxb5 Nxb5 24. Kc2 a4 25. Nc1 axb3+ 26. axb3 Nxc3 27. Kxc3
Bc5 28. Rd3 Nb6 29. Ne4 Ba3 30. Be2 Rh2 31. Ng3 Nd5+ 32. Kd2 Nb4 33. Rc3 Bb2
34. Nd3 Bxc3+ 35. Kxc3 Nd5+ 36. Kb2 Nxe3 37. Rc1 Rg2 0-1

[Event "3. Cerrado U.E,Montcada 2015"]
[Site "Montcada i Reixac ESP"]
[Date "2015.02.15"]
[Round "4.5"]
[White "Asensio Linan, Teodoro"]
[Black "Fernandez Cazorla, Antonio"]
[Result "0-1"]
[WhiteElo "2145"]
[BlackElo "2213"]
[PlyCount "62"]
[EventDate "2015.01.25"]
[EventType "tourn"]
[EventRounds "9"]
[EventCountry "ESP"]
[EventCategory "1"]
[Source "lmi"]
[SourceDate "2015.01.25"]

1. e4 c5 2. Nc3 e6 3. f4 d5 4. Nf3 d4 5. Ne2 Nf6 6. e5 Nd5 7. c4 Nb4 8. d3 N4c6
9. Ng3 Be7 10. h4 Nd7 11. Qe2 Qc7 12. Ne4 f6 13. exf6 Nxf6 14. Neg5 e5 15. fxe5
Ng4 16. Bf4 h6 17. Nh3 Bf5 18. O-O-O Qa5 19. Kb1 b5 20. Bd2 Qb6 21. Rc1 Rb8 22.
Bf4 bxc4 23. Ka1 Bxd3 24. Qd2 c3 25. Rxc3 dxc3 26. Qxc3 Bxf1 27. Rxf1 Qb4 28.
Qc2 O-O 29. Bc1 Nd4 30. Qd3 Qb5 31. Qd1 Ne3 0-1

[Event "3. Cerrado U.E,Montcada 2015"]
[Site "Montcada i Reixac ESP"]
[Date "2015.02.22"]
[Round "5.1"]
[White "Fernandez Cazorla, Antonio"]
[Black "Fernandez Diaz, Cristian"]
[Result "1-0"]
[WhiteElo "2213"]
[BlackElo "2147"]
[PlyCount "83"]
[EventDate "2015.01.25"]
[EventType "tourn"]
[EventRounds "9"]
[EventCountry "ESP"]
[EventCategory "1"]
[Source "lmi"]
[SourceDate "2015.01.25"]

1. d4 Nf6 2. c4 c5 3. Nf3 cxd4 4. Nxd4 Nc6 5. Nc3 g6 6. g3 Bg7 7. Bg2 O-O 8.
O-O d6 9. Nxc6 bxc6 10. Bxc6 Rb8 11. Bg2 Qa5 12. Qd2 Bb7 13. e4 Rfc8 14. b3 Qb4
15. Rb1 a5 16. Re1 Bc6 17. a4 Ng4 18. Nb5 Qxd2 19. Bxd2 Bxb5 20. axb5 Bd4 21.
Re2 a4 22. bxa4 Rxc4 23. h3 Ne5 24. a5 Rc2 25. Kf1 Nc4 26. Be1 Rxe2 27. Kxe2
Na3 28. Rb3 Nxb5 29. Kd3 Ba7 30. Kc4 d5+ 31. Kxd5 Rd8+ 32. Kc4 Nd6+ 33. Kb4
Nxe4 34. Bxe4 Rd4+ 35. Kb5 Rxe4 36. Ka6 Bc5 37. Rb1 Re2 38. Kb7 Ra2 39. a6 Kf8
40. Rb5 Bd4 41. f4 Bg1 42. Ba5 1-0

[Event "3. Cerrado U.E,Montcada 2015"]
[Site "Montcada i Reixac ESP"]
[Date "2015.02.22"]
[Round "5.2"]
[White "Ryan, Joseph"]
[Black "Asensio Linan, Teodoro"]
[Result "0-1"]
[WhiteElo "2234"]
[BlackElo "2145"]
[PlyCount "72"]
[EventDate "2015.01.25"]
[EventType "tourn"]
[EventRounds "9"]
[EventCountry "ESP"]
[EventCategory "1"]
[Source "lmi"]
[SourceDate "2015.01.25"]

1. d4 Nf6 2. c4 g6 3. Nc3 Bg7 4. e4 d6 5. f3 O-O 6. Bg5 c5 7. d5 a6 8. a4 e6 9.
Qd2 exd5 10. cxd5 h6 11. Be3 Nbd7 12. Nh3 Ne5 13. Nf2 Kh7 14. Be2 Bd7 15. a5 b5
16. axb6 Qxb6 17. O-O Bb5 18. Nxb5 axb5 19. b4 Nfd7 20. Rab1 Rfb8 21. Rfc1 Nc4
22. Bxc4 bxc4 23. Nd1 Ra3 24. b5 Ne5 25. Nc3 Qa5 26. Nd1 Rxb5 27. Qxa5 Rbxa5
28. Bd2 Ra6 29. Kf1 Rb3 30. Rxb3 cxb3 31. Rb1 Ra2 32. Bc3 c4 33. Nb2 Nxf3 34.
gxf3 Bxc3 35. Nxc4 b2 36. Ke2 Ra1 0-1

[Event "3. Cerrado U.E,Montcada 2015"]
[Site "Montcada i Reixac ESP"]
[Date "2015.02.22"]
[Round "5.3"]
[White "Vidarte Morales, Arturo"]
[Black "Bals Hernandez, Jordi"]
[Result "1-0"]
[WhiteElo "2320"]
[BlackElo "2137"]
[PlyCount "41"]
[EventDate "2015.01.25"]
[EventType "tourn"]
[EventRounds "9"]
[EventCountry "ESP"]
[EventCategory "1"]
[Source "lmi"]
[SourceDate "2015.01.25"]

1. d4 Nf6 2. c4 g6 3. Nc3 Bg7 4. e4 d6 5. f4 O-O 6. Nf3 c5 7. d5 e6 8. dxe6
fxe6 9. Bd3 Nc6 10. O-O Nd4 11. Ng5 b5 12. e5 dxe5 13. fxe5 Nd7 14. Rxf8+ Nxf8
15. Qf1 Qc7 16. Nce4 Bxe5 17. Nf6+ Bxf6 18. Qxf6 bxc4 19. Bf4 Qg7 20. Qxg7+
Kxg7 21. Be5+ 1-0

[Event "3. Cerrado U.E,Montcada 2015"]
[Site "Montcada i Reixac ESP"]
[Date "2015.02.22"]
[Round "5.4"]
[White "Cruz, Filemon"]
[Black "Gonzalez, Raul Omar"]
[Result "1/2-1/2"]
[WhiteElo "2404"]
[BlackElo "2274"]
[PlyCount "30"]
[EventDate "2015.01.25"]
[EventType "tourn"]
[EventRounds "9"]
[EventCountry "ESP"]
[EventCategory "1"]
[Source "lmi"]
[SourceDate "2015.01.25"]

1. d4 Nf6 2. Nf3 e6 3. c4 d5 4. Nc3 Be7 5. Bg5 O-O 6. e3 Nbd7 7. Rc1 c6 8. a3
h6 9. Bh4 b6 10. cxd5 exd5 11. Bd3 Bb7 12. O-O Nh5 13. Bxe7 Qxe7 14. Qe2 Rad8
15. Rfd1 Rfe8 1/2-1/2

[Event "3. Cerrado U.E,Montcada 2015"]
[Site "Montcada i Reixac ESP"]
[Date "2015.02.22"]
[Round "5.5"]
[White "Alarcon Casellas, Rolando"]
[Black "Dalo, Hermes"]
[Result "1-0"]
[WhiteElo "2387"]
[BlackElo "2258"]
[PlyCount "103"]
[EventDate "2015.01.25"]
[EventType "tourn"]
[EventRounds "9"]
[EventCountry "ESP"]
[EventCategory "1"]
[Source "lmi"]
[SourceDate "2015.01.25"]

1. e4 e5 2. Nf3 Nc6 3. Bc4 Nf6 4. d4 exd4 5. O-O Nxe4 6. Re1 d5 7. Bxd5 Qxd5 8.
Nc3 Qh5 9. Nxe4 Be6 10. Bg5 Bd6 11. Nxd6+ cxd6 12. Bf4 O-O 13. Nxd4 Qxd1 14.
Rexd1 Nxd4 15. Rxd4 Rfc8 16. Rd2 d5 17. c3 Rc6 18. f3 Rac8 19. a3 h6 20. Kf2
Rc4 21. Be3 a6 22. Re1 R4c6 23. g4 Kh7 24. h4 Rd8 25. Bd4 Rcc8 26. Re5 Rd6 27.
Rde2 Kg8 28. h5 Bd7 29. Re7 Bb5 30. R2e5 f6 31. Re1 Rd7 32. R7e6 Rdd8 33. f4
Re8 34. Re7 Bc6 35. g5 Rxe7 36. Rxe7 Re8 37. Rc7 Rf8 38. Bc5 Re8 39. g6 Kh8 40.
Be7 Kg8 41. Ke3 Rb8 42. Kd4 Ba4 43. Kxd5 Bd1 44. Ke6 Bxh5 45. f5 Bf3 46. Rc4
Bc6 47. Rd4 Re8 48. c4 Kh8 49. Kf7 Rc8 50. Rd8+ Rxd8 51. Bxd8 Ba4 52. Bxf6 1-0